| 000 | 00562pab a2200205 454500 | ||
|---|---|---|---|
| 008 | 180718b2008 xxu||||| |||| 00| 0 eng d | ||
| 100 | _aBolt, Gideon | ||
| 245 | _aMinority ethnic groups in the Dutch housing market: spatial segregation, relocation dynamics and housing policy | ||
| 260 | _c2008 | ||
| 300 | _ap.1359-384. | ||
| 362 | _aJun | ||
| 650 | _aEthnic groups | ||
| 650 | _aHousing | ||
| 650 | _aRacial segregation | ||
| 700 | _aHam, Maarten van | ||
| 700 | _aKempen, Ronald van | ||
| 773 | _aUrban Sociology | ||
| 908 | _aN | ||
| 909 | _a79180 | ||
| 999 |
_c79180 _d79180 |
||